000
00251nam a22001217a 4500
008
180302b xxu||||| |||| 00| 0 eng d
041
_a
eng
080
_a
37
100
_a
25
101
_a
EDU
245
_a
Kids and guns
_c
Schwarz,T
942
_2
udc
_c
BK
999
_c
43939
_d
43939